00341nam a22001337a 450000500170000000800410001704100250005808200140008310000120009724500380010926000090014730000260015665000250018220231102101050.0231102b |||||||| |||| 00| 0 eng d aAfrikaans / English  a346.6 INC lEnglish aInlywing van Firmas /cDN Erasmus c2009 b275 pages ; c31 cm.  aLegal practice bLaw